000 00427cam a22001337a 4500
008 180718b1985 xxu||||| |||| 00| 0 eng d
082 _aZ2x5411 M687
100 _aMishra, Bhagbat
245 _aEconomics of public distribution system in food-grains
_cby Bhagbat Mishra
260 _aNew Delhi
_bAshish
_c1985
300 _a306p.
650 _aPublic distribution system - India - Orissa
650 _aFood supply - India - Orissa
999 _c348961
_d348961